000 00269nam a2200121Ia 4500
008 241002s9999 xx 000 0 und d
082 _a824 ARB
100 _aArberry, A.J
245 0 _aOriental Essays
260 _aLondon:
_c1960
600 _aLiterature
942 _cUC
999 _c18721
_d18721